| 000 | 00478nam a22001697a 4500 | ||
|---|---|---|---|
| 005 | 20240106131252.0 | ||
| 008 | 190326b xxu||||| |||| 00| 0 eng d | ||
| 020 | _a978-81-85790-07-7 | ||
| 041 | _aeng | ||
| 100 |
_aKASTURE. Dr. V N , MAHADIK, Dr.K.R ,WADODKAR,Dr.WADODKAR AND MORE Dr, H.N _98250 |
||
| 245 | _aPHARMACEUTICAL ANALYSIS (vol-I) | ||
| 250 | _a16 th, 2018 | ||
| 260 |
_aPUNE _bNIRALI PRAKASHAN |
||
| 300 | _aI.2 p, | ||
| 650 |
_aPHARMACY _xD.PHARMA |
||
| 942 | _cBK | ||
| 999 |
_c5779 _d5777 |
||